Online Catalogue and eLibrary

Beyond Equality and Difference: (Record no. 1627)

MARC details
000 -LEADER
fixed length control field 00579nam a2200217Ia 4500
005 - DATE AND TIME OF LATEST TRANSACTION
control field 20250120054728.0
008 - FIXED-LENGTH DATA ELEMENTS--GENERAL INFORMATION
fixed length control field 240331s9999 xx 000 0 und d
020 ## - INTERNATIONAL STANDARD BOOK NUMBER
ISBN 0415079896
082 ## - DDC Classification
Item Number - Author Mark BOC
DDC Edition Number 3601
Class No. 305.4
245 #0 - TITLE STATEMENT
Title Beyond Equality and Difference:
Remainder of title Citizenship, Feminist Politics and Female Subjectivity
260 ## - PUBLICATION, DISTRIBUTION, ETC.
Place of publication, distribution, etc. London
-- New York
Name of publisher, distributor, etc. Routledge
Date of publication, distribution, etc. 1992
300 ## - PHYSICAL DESCRIPTION
Extent (e.g. Volumes, Pages etc.) ix, 210 p.,
650 ## - SUBJECT ADDED ENTRY--TOPICAL TERM
Topical term or geographic name entry element Equality
650 ## - SUBJECT ADDED ENTRY--TOPICAL TERM
Topical term or geographic name entry element Women
650 ## - SUBJECT ADDED ENTRY--TOPICAL TERM
Topical term or geographic name entry element Feminism
650 ## - SUBJECT ADDED ENTRY--TOPICAL TERM
Topical term or geographic name entry element Politics
650 ## - SUBJECT ADDED ENTRY--TOPICAL TERM
Topical term or geographic name entry element Citizenship
700 ## - ADDED ENTRY--PERSONAL NAME
Personal name Bock, G
Relator term (Role) Editor
700 ## - ADDED ENTRY--PERSONAL NAME
Personal name James, S
Relator term (Role) Editor
942 ## - Koha item type (Biblio)
Koha item type Books in Stacks (Lending)
Holdings
Lost status Damaged status Collection code Home library Current library Shelving location Date acquired Full call number Accession Number Item type
    Lending WERC Library WERC Library Social Science Cupboard 03/31/2024 305.4 BEY 3601 Books in Stacks (Lending)

© WERC Library